• 首页
  • 本馆介绍
  • 公告通知
  • 最新文献
  • 馆藏检索
  • 电子资源
  • 读者荐购
  • 参考咨询
  • CALIS
  • 我的图书馆
  • 登录
  • 详细信息显示
  • 放入我的书架
  • 预约/预借图书
  • 作者相关作品
  • 分类相关作品
  • 丛书相关作品
  • 出版社相关作品

书目信息

  • 表格格式
  • 工作单格式
  • 卡片格式
题名:
公共服务产品设计创新与实践
    
 
作者: 赵妍 著
分册:  
出版信息: 北京   北京大学出版社  2024.11
页数: 192页
开本: 26cm
丛书名:
单 册:
中图分类: D669.3
科图分类:
主题词: 公共服务--产品设计--研究--中国
电子资源:
ISBN: 978-7-301-35828-3
 
 
 
 
 
000 01072nam0 2200265 450
001 01042044
005 20251022164718.83
010    @a978-7-301-35828-3@dCNY128.00
100    @a20250310d2024 em y0chiy0120 ea
101 0  @achi
102    @aCN@b110000
105    @aa z 000yy
106    @ar
200 1  @a公共服务产品设计创新与实践@9gong gong fu wu chan pin she ji chuang xin yu shi jian@f赵妍著
210    @a北京@c北京大学出版社@d2024.11
215    @a192页@c图,彩照@d26cm
300    @a辽宁省教育厅基本科研项目“重塑地域文化的可持续城市服务设施设计”阶段性成果
312    @a封面英文题名:Innovation and practice of public service product design
330    @a本书通过对实体服务类与虚拟服务类城市公共服务产品的设计方法研究和设计案例分享,搭建城市出行、文娱、休闲、办公、学习等行为活动的实现场域和配套设施。
510 1  @aInnovation and practice of public service product design@zeng
606 0  @a公共服务@x产品设计@x研究@y中国
690    @aD669.3@v5
701  0 @a赵妍@9zhao yan@4著
801  0 @aCN@c20250910
905    @a河南城建学院图书馆@dD669.3@eZ345@ZZ345@f1
    
    公共服务产品设计创新与实践/赵妍著.-北京:北京大学出版社,2024.11
    192页:图,彩照;26cm
    辽宁省教育厅基本科研项目“重塑地域文化的可持续城市服务设施设计”阶段性成果
    
    ISBN 978-7-301-35828-3:CNY128.00
    本书通过对实体服务类与虚拟服务类城市公共服务产品的设计方法研究和设计案例分享,搭建城市出行、文娱、休闲、办公、学习等行为活动的实现场域和配套设施。
●
相关链接 在E读中查询图书 在当当中查询图书 在豆瓣中查询图书


正题名:公共服务产品设计创新与实践     索取号:D669.3/Z345         预约/预借

序号 登录号 条形码 馆藏地/架位号 状态 备注
1 1635251   216352514   社科库509/509社科库 76排5列1层/ [索取号:D669.3/Z345] 在馆    
河南城建学院图书馆 欢迎您!
大连网信软件有限公司© 版权所有